000 00628nam a2200241Ia 4500
003 OSt
005 20220918200715.0
006 a|||||r|||| 00| 0
007 ta
008 220917b |||||||| |||| 00| 0 eng d
024 _a89,936
037 _cTextual
040 _aARTS
_cARTS
_beng
041 _2eng
_aeng
082 _aU8.2.N9, N4
100 _aRoberts P W
_995230
245 0 _aEmpire of the soul
_b some journeys in India
260 _aN York
_bRiver Head
_c1994
300 _axvi, 368p.
_ccm.
650 _aGEOGRAPHY
942 _hU8.2.N9, N4
_cTEXL
_2CC
999 _c213605
_d213605